Datum a čas kvízu
35.5
Celkem bodů
Celkový počet nahraných bodů na tomto kvízu bez doplňovacích otázek.
5.
Pořadí na kvízu
Konečné umístění týmu na tomto kvízu.
Zaznamenané odpovědi
| # | Otázka | Odpověď | Body | Výsledky |
|---|---|---|---|---|
| 1. | Minulý týden byli jmenováni dv... | D | 1 | |
| 2. | Malajsie a Indonésie se jako p... | Grok | 1 | |
| 3. | Jakub Hrůša získal minulý týde... | dirigent (hudební ředitel) | 1 | |
| 4. | Firma Mattel uvedla na trh nov... | C | 1 | |
| 5. | Půl bodu získáte za jméno česk... | Jakub Menšík, oštěp | 0 | |
| 6. | Vaším úkolem v tématu bude odh... | červenou, bílou | 0.5 | |
| 7. | Teď se podíváme na domácí fotb... | čtyři | 0 | |
| 8. | Pojďme na hokej. Olomoucký koh... | červenou | 1 | |
| 9. | Na základě zobrazených barev l... | Los Angeles Lakers | 1 | |
| 10. | Které americké město oslavuje... | Pittsburgh | 0 |